| 000 | 01555cad a22002295a 4500 | ||
|---|---|---|---|
| 001 | L159745 | ||
| 008 | 120529s2016 xxk 000 0 eng d | ||
| 035 | _a(Sirsi) u159745 | ||
| 041 | 0 | _aeng | |
| 110 | 2 |
_aArcadis _96166 |
|
| 245 | 0 | 0 |
_aGlobal construction disputes report _b2016 _bdon't get left behind _h[electronic resource] |
| 250 | _a6th ed. | ||
| 260 |
_a[S.l.] _bArcadis _c2016 |
||
| 505 | 2 | _aIntroduction -- The world economy in 2015 -- Overall findings -- North America -- Asia -- Middle East -- UK -- Continental Europe -- Australia -- Summary -- Methodology -- Contract solutions expertise -- Contact. | |
| 520 | _aReveals key themes and insights into the global construction disputes market. Takes an in-depth, data-driven review of Arcadis' projects and disputes globally in 2015 and focuses on five key areas, the length of disputes, average value, common causes, most popular resolution methods and region specific nuances. This report also includes an overview of the macroeconomic market position and goes on to cover all regions in which the Arcadis Contract Solutions team operates, including North America, UK, Continental Europe, Middle East, Asia and a new section on Australia. | ||
| 590 | _aKA NTK | ||
| 651 | 4 | _aInternational | |
| 690 |
_aDispute resolution _96236 |
||
| 690 |
_aConstruction management _96230 |
||
| 856 | 4 | 0 |
_uhttps://www.arcadis.com/media/3/E/7/%7B3E7BDCDC-0434-4237-924F-739240965A90%7DGlobal%20Construction%20Disputes%20Report%202016.pdf _zView the report free of charge at www.arcadis.com |
| 942 | _n0 | ||
| 999 |
_c116101 _d116101 |
||